00866nam a2200205Ia 4500003000900000008004100009020002200050040001600072080002300088111009400111245022600205250001200431260005000443300002300493650003400516650003500550700002900585700002000614700002600634IN-BaIIA211028s9999 xx 000 0 eng d a978-0-7354-0616-2 cIIA Library a52-732(082.1)bHIG aInternational Meeting on High Energy Gamma-Ray Astronomyn4thcHeidelbergd2008 July 7-11 0aHigh Energy gamma-ray Astronomybproceedings of the 4th International meeting on high Energy gamma-ray Astronomy, held in Heidelberg, Germany, 7-11 July, 2008cedited by Felix A. Aharonian, Heinz J. volk and Dieter Horns a4th ed. aNew YorkbAmerican Institute of Physicsc2008 a[various pagings.] aGalactic resources-congresses aGamma-ray Astronomy-congresses aAharonian, Felix A., ed. aHofmann, Werner aRieger, Frank M., ed.